Datum a čas kvízu
28.5
Celkem bodů
Celkový počet nahraných bodů na tomto kvízu bez doplňovacích otázek.
2.
Pořadí na kvízu
Konečné umístění týmu na tomto kvízu.
Zaznamenané odpovědi
| # | Otázka | Odpověď | Body | Výsledky |
|---|---|---|---|---|
| 1. | Centrum pro výzkum veřejného m... | 1C 2D 3A 4B | 1 | |
| 2. | Dvacetiletá Árifa Sultánaová z... | má dvě dělohy (uznáváme i zdvojenou dělohu) | 1 | |
| 3. | Po deseti letech výstavby otev... | o Kataru | 1 | |
| 4. | Tři moravské pivovary přestan... | Litovel, Zubr, Holba | 1 | |
| 5. | Doplňte jedním slovem dialog,... | popelník | 0 | |
| 6. | Vaším úkolem bude uhodnout kře... | Jan / Stanislav Tříska | 0 | |
| 7. | Nejstarší muž z naší trojice b... | Otokar / Karel / Michal Březina | 0 | |
| 8. | Úspěšný kanadský režisér se na... | James / David Cameron | 1 | |
| 9. | Tento anglický herec, držitel... | Clive / Michael Owen | 0.5 | |
| 10. | Generál (1885–1945) a hudebník... | George, Mike Patton | 0 |